000
002350000a22000970004500
100
1
_a
Miller, Randy
245
1
0
_a
Building homes and hope in brazilian slum
300
_a
Núm 44 (1994), Páginas 11-13
773
0
_t
Together
942
_c
ANA
999
_c
56178
_d
56178